Santan empanada (Record no. 10236)
[ view plain ]
| 000 -LEADER | |
|---|---|
| fixed length control field | 00854nam a22002297a 4500 |
| 005 - DATE AND TIME OF LATEST TRANSACTION | |
| control field | 20230512223523.0 |
| 008 - FIXED-LENGTH DATA ELEMENTS--GENERAL INFORMATION | |
| fixed length control field | 190731t xxu||||| |||| 00| 0 eng d |
| 040 ## - CATALOGING SOURCE | |
| Transcribing agency | CSPC |
| 090 ## - LOCALLY ASSIGNED LC-TYPE CALL NUMBER (OCLC); LOCAL CALL NUMBER (RLIN) | |
| Classification number (OCLC) (R) ; Classification number, CALL (RLIN) (NR) | UTH BSFSM P174s |
| 100 ## - MAIN ENTRY--PERSONAL NAME | |
| Personal name | Palencia, Mary Wojtyla B., |
| Relator term | author. |
| 245 00 - TITLE STATEMENT | |
| Title | Santan empanada |
| Statement of responsibility, etc. | Mary Wojtyla B. Palencia, Mae Ann M. Merilles, Ronald B. Tataro |
| 260 ## - PUBLICATION, DISTRIBUTION, ETC. | |
| Place of publication, distribution, etc. | Nabua, Camarines Sur : |
| Name of publisher, distributor, etc. | Camarines Sur Polytechnic Colleges ; |
| Date of publication, distribution, etc. | 2017. |
| 300 ## - PHYSICAL DESCRIPTION | |
| Extent | 106 leaves |
| 502 ## - DISSERTATION NOTE | |
| Dissertation note | Undergraduate Thesis (BSFSM) - Food Service Management |
| Name of granting institution | Camarines Sur Polytechnic Colleges, 2017. |
| 720 ## - ADDED ENTRY--UNCONTROLLED NAME | |
| Name | Tataro, Marietta Almonte |
| Relator term | adviser. |
| 720 ## - ADDED ENTRY--UNCONTROLLED NAME | |
| Name | Dimabogte, Hejie A., |
| Relator term | panelist, chair. |
| 720 ## - ADDED ENTRY--UNCONTROLLED NAME | |
| Name | Lorzano, Elsa E., |
| Relator term | panelist. |
| 720 ## - ADDED ENTRY--UNCONTROLLED NAME | |
| Name | Odsinada, Cherry Lyn M., |
| Relator term | panelist. |
| 940 ## - EQUIVALENCE OR CROSS-REFERENCE--UNIFORM TITLE [OBSOLETE] [CAN/MARC only] | |
| Uniform title | <a href="Lenie">Lenie</a> |
| 942 ## - ADDED ENTRY ELEMENTS (KOHA) | |
| Koha item type | |
| -- | UTH BSFSM P174s 2017 |
No items available.